Design and implementation of the geographical information system of ZOO in Bratislava

Salvato in:
Dettagli Bibliografici
Autore principale: Yakshin, Nikita (Autore)
Altri autori: Ďuračiová, Renata (Relatore della tesi)
Natura: Manoscritto Libro
Lingua:slovacco
inglese
Pubblicazione: 2023
Soggetti:
Accesso online:http://is.stuba.sk/zp/portal_zp.pl?podrobnosti=166626
https://opac.crzp.sk/?fn=detailBiblioForm&sid=C0DEB8E07572332BA8220C15805F
Tags: Aggiungi Tag
Nessun Tag, puoi essere il primo ad aggiungerne!!

MARC

LEADER 00000ntm a22000003a 4500
001 stuzp94135
003 SK-STU
005 20230925094235.2
007 ta
008 150427s2015----xo-----f-mn---000-0-slo-d
040 |a STU  |b slo 
041 0 |a eng 
100 1 |a Yakshin, Nikita  |u 010130  |4 aut  |U SvF Stavebná fakulta  |T SvF Katedra globálnej geodézie a geoinformatiky  |X 108178  |U V130  |Y 13  |7 108178 
242 0 1 |a Návrh a implementácia geografického informačného systému ZOO v Bratislave  |y slo 
245 1 0 |a Design and implementation of the geographical information system of ZOO in Bratislava 
260 |c 2023 
650 4 |a ZOO  |2 slo 
650 4 |a Návrh a implementácia GIS  |2 slo 
650 4 |a Workflow  |2 slo 
650 4 |a Zber dát  |2 slo 
650 4 |a Aplikácia  |2 slo 
650 4 |a ESRI  |2 slo 
650 4 |a Workflow  |2 eng 
650 4 |a Design and implementation of GIS  |2 eng 
650 4 |a Application  |2 eng 
650 4 |a Data collection  |2 eng 
650 4 |a ESRI  |2 eng 
650 4 |a ZOO  |2 eng 
700 1 |a Ďuračiová, Renata  |u 010130  |k Z1  |4 ths  |U SvF Stavebná fakulta  |T SvF Katedra globálnej geodézie a geoinformatiky  |X 950  |U V130  |Y 13  |7 A000000950 
856 4 |u http://is.stuba.sk/zp/portal_zp.pl?podrobnosti=166626 
856 4 |u https://opac.crzp.sk/?fn=detailBiblioForm&sid=C0DEB8E07572332BA8220C15805F